| 000 | 01202nam a2200217 a 4500 | ||
|---|---|---|---|
| 001 | ASIN1179881001 | ||
| 003 | OSt | ||
| 005 | 20170105102857.0 | ||
| 008 | 130909s2011 xxu eng d | ||
| 020 |
_a1179881001 (paperback) _c$22.75 |
||
| 020 | _a9781179881003 (paperback) | ||
| 040 | _a0 | ||
| 082 | _2954.91 | ||
| 100 | 1 | _aKhan, Liaquat Ali. | |
| 245 | 1 | 0 |
_aPakistan the heart of asia / _cLiaquat Ali Khan. |
| 260 |
_aKarachi : _bParamount, _c2011. |
||
| 300 |
_a178 p. ; _c25 cm. |
||
| 520 | _aThis is a reproduction of a book published before 1923. This book may have occasional imperfections such as missing or blurred pages, poor pictures, errant marks, etc. that were either part of the original artifact, or were introduced by the scanning process. We believe this work is culturally important, and despite the imperfections, have elected to bring it back into print as part of our continuing commitment to the preservation of printed works worldwide. We appreciate your understanding of the imperfections in the preservation process, and hope you enjoy this valuable book. | ||
| 856 | 4 | 0 |
_3Amazon.com _uhttp://www.amazon.com/exec/obidos/ASIN/1179881001/chopaconline-20 |
| 942 |
_2ddc _cBK |
||
| 999 |
_c14520 _d14520 |
||